| 000 | 00000nam##2200000za#4500 |
| 001 | 9.605219 |
| 003 | CaOODSP |
| 005 | 20240206145613 |
| 007 | cr ||||||||||| |
| 008 | 150406|2006||||xxc|||||o f|0| 0 fre|d |
| 040 | |aCaOODSP|bfre |
| 043 | |an-cn--- |
| 086 | 1 |aTU3-6/06-13F-PDF |
| 110 | 2 |aBureau de la sécurité des transports du Canada. |
| 245 | 10|aRisque de collision entre le train no 518 de la Goderich-Exeter Railway Company et le train no 87 de VIA Rail Canada Inc. Point milliaire 72 de la subdivision Guelph, New Hamburg (Ontario), le 6 juin 2006 |h[ressource électronique] |
| 260 | |aOttawa - Ontario : |bBureau de la sécurité des transports du Canada |c[2006]. |
| 300 | |a35p.|bréférences |
| 490 | 1 |aRapport d'enquête sur un accident ferroviaire |vR06H0013 |
| 590 | |a13-08-Supp|b2013-04-02 |
| 775 | 08|tRisk of collision between Goderich-Exeter Railway Company Train 518 and VIA Rail Canada Inc. Train 87 Mile 72, Guelph Subdivision New Hamburg, Ontario, 06 June 2006 |w(CaOODSP)9.575797 |
| 830 | #0|aRapport d'enquête sur un accident ferroviaire ;|vR06H0013|w(CaOODSP)9.501252 |
| 856 | 40|ahttp://publications.gc.ca|qPDF|s498 Ko|uhttps://publications.gc.ca/collections/collection_2013/bst-tsb/TU3-6-06-13-fra.pdf|yR06H0013 |